| Tag |
First Indicator |
Second Indicator |
Subfields |
| LEADER |
00000cam a2200000 4500 |
| 001 |
in00000062828 |
| 005 |
20151008050635.0 |
| 008 |
720706s1966 mnu b 00000 eng u |
| 010 |
|
|
|a 66018868
|
| 035 |
|
|
|a (OCoLC)00350061
|
| 035 |
|
|
|9 AAG2316AM
|
| 040 |
|
|
|c CSU
|d TXA
|d UtOrBLW
|
| 049 |
|
|
|a TXAM
|
| 050 |
|
0 |
|a HC407.Y6
|b P32 1966
|
| 092 |
|
|
|a 330.9497
|b P379m
|
| 100 |
1 |
|
|a Pejovich, Svetozar.
|
| 245 |
1 |
4 |
|a The market-planned economy of Yugoslavia /
|c by Svetozar Pejovich.
|
| 264 |
|
1 |
|a Minneapolis :
|b University of Minnesota Press,
|c [1966]
|
| 264 |
|
4 |
|c ©1966
|
| 300 |
|
|
|a xii, 160 pages :
|b illustrations ;
|c 24 cm.
|
| 336 |
|
|
|a text
|b txt
|2 rdacontent
|
| 337 |
|
|
|a unmediated
|b n
|2 rdamedia
|
| 338 |
|
|
|a volume
|b nc
|2 rdacarrier
|
| 504 |
|
|
|a Includes bibliographical references (pages [151]-156)and index.
|
| 536 |
|
|
|a Dr. Charles E. Ferguson and Dr. Melvin L. Greenhut Economics Collection.
|
| 651 |
|
0 |
|a Yugoslavia
|x Economic policy
|y 1945-1992.
|
| 999 |
|
|
|a MARS
|
| 999 |
f |
f |
|s d2034995-c06d-37b0-b084-e332b92f43fa
|i 628e83f6-2725-37b9-90ff-11a19c283728
|t 0
|
| 952 |
f |
f |
|p ric
|a Texas A&M University
|b Rellis Campus
|c Joint Library Facility
|s JLF
|d Remote Storage
|t 0
|e HC407.Y6 P32 1966
|h Library of Congress classification
|i unmediated -- volume
|m A14821304979
|
| 998 |
f |
f |
|a HC407.Y6 P32 1966
|t 0
|l Remote Storage
|